000 00432nam a2200169Ia 4500
001 29031
003 IN-NITTTR
005 20251114233357.0
008 251113s9999||||xx |||||||||||||| ||eng||
040 _beng
040 _cIN-NITTTR
041 _aeng
082 _a006.3 N348A
100 _aNegnevitsky, Michael
245 0 _aArtificial intelligence :
_b a guide to intelligent systems /
_cNegnevitsky, Michael
942 _2ddc
_cBK
999 _c31659
_d31659